000 00316nam a22001457a 4500
008 230707b ||||| |||| 00| 0 eng d
020 _a9781305647664
041 _aeng
080 _2EIGHTH EDITION
_a34
082 _a34DOW
100 _a32
101 _aJURE
245 _aON COURSE
_cDOWNING S
942 _2udc
_cBK
999 _c60130
_d60130